Politika podpory malých a stredných firiem v Európskej únii diplomová práca

Na minha lista:
Detalhes bibliográficos
Autor principal: Radoská, Michaela
Autor Corporativo: Obchodná fakulta EU. Katedra medzinárodného obchodu
Outros Autores: Knapik, Peter
Formato: Livro
Idioma:eslovaco
Publicado em: Bratislava 2013
Tags: Adicionar Tag
Sem tags, seja o primeiro a adicionar uma tag!

MARC

LEADER 00000nbm a2200000 4500
001 0169643
005 20161109102317.2
041 0 |a slo 
044 |a SK 
245 1 0 |a Politika podpory malých a stredných firiem v Európskej únii  |b diplomová práca  |c Michaela Radoská ; školiteľ: Peter Knapik 
264 1 |a Bratislava  |c 2013 
300 |a 75 s. 
100 1 |a Radoská, Michaela 
700 1 |a Knapik, Peter 
710 2 |a Obchodná fakulta EU. Katedra medzinárodného obchodu